Guess The City Extreme - Statistics

General Stats
  • This quiz has been taken 21 times
  • The average score is 11 of 28
Answer Stats
Picture Answer % Correct
Amsterdam
85%
Athens
75%
Hong Kong
65%
Berlin
60%
Madrid
60%
Bangkok
55%
Beijing
55%
Houston
55%
Montreal
55%
Rio de Janeiro
55%
Naples
50%
Oslo
50%
Stockholm
50%
Santiago
45%
Manila
35%
Quito
35%
Ankara
30%
Ho Chi Minh City
30%
Algiers
25%
Honolulu
25%
Tianjin
25%
Bangalore
15%
Monterrey
15%
Guatemala City
10%
Kingston
10%
Nassau
10%
Yangon
10%
Los Rios
0%
No matching quizzes found
Score Distribution
Percent of People with Each Score
Percentile by Number Answered
Your Score History
You have not taken this quiz